| 000 | 01374cam a2200349 a 4500 | ||
|---|---|---|---|
| 001 | 16123488 | ||
| 003 | OSt | ||
| 005 | 20180116183058.0 | ||
| 008 | 100308s2010 cau bf 001 0 eng | ||
| 010 | _a 2010008933 | ||
| 020 | _a9788132104414 (pbk.) | ||
| 020 | _a8132104412 (pbk.) | ||
| 035 | _a(OCoLC)ocn551198634 | ||
| 040 |
_aDLC _cDLC _dYDXCP _dC#P _dBWX _dDKAGE _dDLC |
||
| 050 | 0 | 0 |
_aPE1408 _b.M594 2010 |
| 082 | 0 | 0 |
_a808.0420711 MON 2010 _222 |
| 100 | 1 | _aMonippally, Mathukutty M. | |
| 245 | 1 | 0 |
_aAcademic writing : _ba guide for management students and researchers / _cMathukutty M. Monippally and Badrinarayan Shankar Pawar. |
| 260 |
_aLos Angeles : _bSAGE Response, _c2010. |
||
| 300 |
_axxiii, 235 p. ; _c22 cm. _bPB. |
||
| 440 | _aAcademic writing :a guide for management students and researchers | ||
| 500 | _aPB | ||
| 504 | _aIncludes bibliographical references and index. | ||
| 650 | 0 |
_aEnglish language _xRhetoric _vHandbooks, manuals, etc. |
|
| 650 | 0 |
_aAcademic writing _vHandbooks, manuals, etc. |
|
| 650 | 0 |
_aBusiness writing _vHandbooks, manuals, etc. |
|
| 650 | 0 |
_aTechnical writing _vHandbooks, manuals, etc. |
|
| 700 | 1 |
_aPawar, Badrinarayan Shankar, _d1962- |
|
| 906 |
_a7 _bcbc _corignew _d1 _eecip _f20 _gy-gencatlg |
||
| 942 |
_2ddc _cBK |
||
| 999 |
_c351901 _d351901 |
||